She Will = She Will /

Filme de horror psicológico acerca de una mujer de edad madura que, tras padecer dos mastectomías, decide descansar en una mansión en Escocia junto a su enfermera. La mansión se encuentra en una tierra en la que anteriormente fueron quemadas unas mujeres acusadas de brujería, por lo que la mujer de...

詳細記述

保存先:
書誌詳細
第一著者: Colbert, Charlotte (realización)
その他の著者: Percy, Kitty (guión) (guión), Colbert, Charlotte (guión) (guión), Ramsay, Jamie (fotógrafo) (fotógrafo), Jenkins, Sian (vestuario) (vestuario), Fekete, Mátyás (montaje) (montaje), Mavropsaridis, Yorgos (montaje) (montaje), Mansell, Clint (música) (música), Krige, Alice (actuación) (actuación), Eberhardt, Kota (actuación) (actuación), Everett, Rupert (actuación) (actuación)
フォーマット: スライド
言語:英語
出版事項: Inglaterra : Pressman Films : Filmgate Films, 2021, c2021
主題:
タグ: タグ追加
タグなし, このレコードへの初めてのタグを付けませんか!

MARC

LEADER 00000ngm^a2200000^a^4500
001 000563691
005 20250521000000.0
009 20260310132010.558
037 |a Acervo ITESO - Biblioteca 
041 |a ING 
082 |a 820.  |b COL 
100 |a Colbert, Charlotte  |e (realización) 
245 1 0 |a She Will =  |b She Will /  |c Realización de C. Colbert. 
246 2 |a Título en México: no conocido/no identificado 
246 2 |a Título alternativo en español (España): She Will 
246 2 |a Título en la cubierta: She Will 
264 4 |a Inglaterra :  |b Pressman Films :  |b Filmgate Films,  |c 2021, c2021 
264 2 |a Nueva York, EUA :  |b IFC [distribución],  |c 2022, c2022 
300 |a 1 blu-ray región A (96 min.) :  |b color 
336 |a imagen móvil bidimensional  |b tdi  |2 rdacontenido 
337 |a video  |b v  |2 rdamedio 
338 |a videodisco  |b vd  |2 rdasoporte 
520 |a Filme de horror psicológico acerca de una mujer de edad madura que, tras padecer dos mastectomías, decide descansar en una mansión en Escocia junto a su enfermera. La mansión se encuentra en una tierra en la que anteriormente fueron quemadas unas mujeres acusadas de brujería, por lo que la mujer de edad madura percibirá una energía que le ayudará a cometer venganza contra los hombres que la acosaron sexualmente y manipularon durante su juventud, cuando intentaba hacer carrera como actriz en la industria del cine. 
546 |a En inglés, con subtítulos opcionales: español, inglés 
546 |a Audiodescripción en inglés, para ciegos y débiles visuales 
649 |a XX 
650 |a Actores en el Cine 
650 |a Enfermeros en el Cine 
650 |a Adultos Maduros en el Cine 
650 |a Mujeres en el Cine 
650 |a Brujos y Chamanes en el Cine 
650 |a Películas de Suspenso y Terror 
650 |a Dramas Cinematográficos 
650 |a Opera Prima 
650 |a Cine de Mujeres -  |z Inglaterra 
650 |a Cine Inglés -  |y 2020-2029 
650 |a Cine Inglés -  |y Siglo XXI 
650 |a Cine -  |x Industria y Comercio 
650 |a Cáncer de Seno 
650 |a Brujería 
650 |a Manipulación 
650 |a Abuso Sexual 
650 |a Trauma -  |x Tema Principal 
650 |a Venganza -  |x Tema Principal 
650 |a Feminismo 
650 |a Escocia en el Cine 
700 |a Percy, Kitty  |e (guión) 
700 |a Colbert, Charlotte  |e (guión) 
700 |a Ramsay, Jamie  |e (fotógrafo) 
700 |a Jenkins, Sian  |e (vestuario) 
700 |a Fekete, Mátyás  |e (montaje) 
700 |a Mavropsaridis, Yorgos  |e (montaje) 
700 |a Mansell, Clint  |e (música) 
700 |a Krige, Alice  |e (actuación) 
700 |a Eberhardt, Kota  |e (actuación) 
700 |a Everett, Rupert  |e (actuación) 
910 |a Fondo General 
920 |a Audiovisuales - Blu-rays 
940 |a Películas 
905 |a 303 
901 |a 0500400135  |b IT2  |c BRS  |i C182261  |u 20250521 
902 |a https://opac.biblio.iteso.mx/vufind/Record/000563691